| 000 | nam a22 a 4500 | ||
|---|---|---|---|
| 999 |
_c459524 _d459524 |
||
| 003 | BLK | ||
| 005 | 20220607124905.0 | ||
| 008 | 220607b bu |||||r|||| 00| | bu d | ||
| 040 | _aBLK | ||
| 041 |
_aBUL _cBUL |
||
| 080 |
_aРуска литература _b821.161.1 _z821.161.1-32 |
||
| 100 |
_91299 _aФьодоров, Алексей Федорович _eпърви автор |
||
| 139 | _aФьодоров, Алексей | ||
| 245 |
_aПоследната зима _bпартизански очерци и разкази _cАлексей Ф. Фьодоров ; прев. от рус. Ангел Въргулев |
||
| 260 |
_9212206 _aСофия _bБКП _c1967 |
||
| 300 |
_a448 с. _c25 см |
||
| 380 | _aX | ||
| 700 |
_9325654 _aВъргулев, Ангел В. _eпрев. от рус. |
||
| 852 | _aЦб 40446 | ||
| 942 |
_cKNG _n0 _s1 |
||
| 944 |
_aCR _c2022-06-07 _kвр |
||